The Canterbury tales. / (Record no. 22243)
[ view plain ]
| 000 -LEADER | |
|---|---|
| fixed length control field | 00724nam a2200205 a 4500 |
| 005 - DATE AND TIME OF LATEST TRANSACTION | |
| control field | 20140310183356.0 |
| 008 - FIXED-LENGTH DATA ELEMENTS--GENERAL INFORMATION | |
| fixed length control field | 121025s19uu xx 00 eng d |
| 020 ## - INTERNATIONAL STANDARD BOOK NUMBER | |
| International Standard Book Number | 9780199599028 |
| 050 ## - LIBRARY OF CONGRESS CALL NUMBER | |
| Classification number | PR 1865 |
| Item number | .C496 2011 |
| 100 ## - MAIN ENTRY--PERSONAL NAME | |
| Personal name | Chaucer, Geoffrey |
| 245 ## - TITLE STATEMENT | |
| Title | The Canterbury tales. / |
| Statement of responsibility, etc | Geoffrey Chaucer ; a verse translation with an introduction and notes by David Wright. |
| 260 ## - PUBLICATION, DISTRIBUTION, ETC. (IMPRINT) | |
| Place of publication, distribution, etc | Oxford [Oxfordshire] ; New York : |
| Name of publisher, distributor, etc | Oxford University Press, |
| Date of publication, distribution, etc | 2011. |
| 300 ## - PHYSICAL DESCRIPTION | |
| Extent | 517 p. : |
| Dimensions | 20 cm. |
| 440 ## - SERIES STATEMENT/ADDED ENTRY--TITLE | |
| Title | World's classics |
| 650 ## - SUBJECT ADDED ENTRY--TOPICAL TERM | |
| Topical term or geographic name as entry element | Christian pilgrims and pilgrimages |
| General subdivision | England |
| -- | Canterbury |
| -- | Poetry |
| 650 ## - SUBJECT ADDED ENTRY--TOPICAL TERM | |
| Topical term or geographic name as entry element | Poetry in English, 1066-1400 |
| General subdivision | Texts |
| 700 ## - ADDED ENTRY--PERSONAL NAME | |
| Personal name | Wright, David |
| 942 ## - ADDED ENTRY ELEMENTS (KOHA) | |
| Koha item type | Books |
| Source of classification or shelving scheme | Library of Congress Classification |
| Withdrawn status | Lost status | Source of classification or shelving scheme | Damaged status | Home library | Current library | Shelving location | Date acquired | Source of acquisition | Cost, normal purchase price | Total Checkouts | Full call number | Barcode | Date last seen | Copy number | Price effective from | Koha item type |
|---|---|---|---|---|---|---|---|---|---|---|---|---|---|---|---|---|
| Library of Congress Classification | College Library | College Library | Fiction Section | 843.00 | PR 1865 .C496 2011 | C16057 | 10/08/2018 | 1 | 10/10/2013 | Books |